[Event "Lichtenberger Sommer 2024"]
[Site "Berlin"]
[Date "2024.08.17"]
[Round "8.1"]
[White "Matthes, Aaron"]
[Black "Yatskar, Martin"]
[Result "1-0"]
[WhiteElo "2174"]
[BlackElo "2115"]
[PlyCount "85"]
[EventDate "2024.08.10"]
[WhiteTeam "SC Kreuzberg e.V."]
[BlackTeam "SK König Tegel 1949 e.V."]

1. d4 d5 2. c4 e6 3. Nc3 c5 4. cxd5 exd5 5. Nf3 Nf6 6. Bg5 Be6 7. Bxf6 Qxf6 8.
e4 dxe4 9. Nxe4 Qf4 10. Bb5+ Nc6 11. Qe2 O-O-O 12. Bxc6 bxc6 13. O-O Bd5 14.
Rfe1 cxd4 15. g3 Qc7 16. Nxd4 Kb7 17. b4 Qb6 18. Nc2 Ka8 19. Nc3 h5 20. Nxd5
cxd5 21. Rad1 Rh6 22. Rd4 Re6 23. Qd2 Rxe1+ 24. Nxe1 Qb7 25. Ng2 h4 26. Ne3 h3
27. Rxd5 Rxd5 28. Qxd5 Qxd5 29. Nxd5 Kb7 30. b5 Kc8 31. Kf1 Kd7 32. Ke2 Kd6 33.
b6 axb6 34. Nxb6 Ke6 35. Nc4 Kd5 36. Nd2 g5 37. Kf3 f5 38. g4 Bd6 39. Nf1 f4
40. Nd2 Kd4 41. Nb3+ Kd3 42. Nc1+ Kd2 43. Ne2 1-0

[Event "Lichtenberger Sommer 2024"]
[Site "Berlin"]
[Date "2024.08.17"]
[Round "8.2"]
[White "Moser, Axel"]
[Black "Petersen, Soren Boeck"]
[Result "1/2-1/2"]
[WhiteElo "2097"]
[BlackElo "2156"]
[PlyCount "127"]
[EventDate "2024.08.10"]
[WhiteTeam "SC Freibauer Hofstetten"]
[BlackTeam "vereinslos"]

1. d4 d5 2. c4 dxc4 3. Nf3 Nf6 4. e3 e6 5. Bxc4 c5 6. O-O a6 7. dxc5 Bxc5 8.
Qxd8+ Kxd8 9. Ne5 Ke7 10. Be2 Nbd7 11. Nc4 Ne4 12. Nbd2 Ndf6 13. Bd3 Ng5 14.
Be2 Bd7 15. Nb3 Bb4 16. a3 Ba4 17. Nba5 Bxa5 18. Nxa5 b6 19. Nc4 Bb5 20. f3 e5
21. Bd2 a5 22. Kf2 Rhd8 23. Bc3 Bxc4 24. Bxc4 Rac8 25. Bb3 Ne6 26. Rfd1 e4 27.
Rxd8 Rxd8 28. Rd1 Rc8 29. Ba4 Nc5 30. Bb5 Ne6 31. Rd2 Rc5 32. a4 exf3 33. gxf3
Rh5 34. Bxf6+ Kxf6 35. Kg2 Rg5+ 36. Kf2 Rh5 37. Kg2 Rg5+ 38. Kh1 Rc5 39. h3 Rc7
40. Kg2 Ke7 41. Kg3 Nc5 42. e4 Nb7 43. f4 Nd6 44. Bd3 g6 45. Rc2 Rxc2 46. Bxc2
Nb7 47. Kf3 Nc5 48. Ke3 Kd6 49. Bd1 Ne6 50. Bb3 f6 51. h4 Nc5 52. Bc2 Ne6 53.
Bd1 Nc5 54. Bc2 Ne6 55. f5 gxf5 56. exf5 Nc5 57. Kd4 Nd7 58. Bd1 Nc5 59. Kc4
Ne4 60. Kd4 Nc5 61. Bc2 Nd7 62. Bd3 Ne5 63. Be2 h6 64. h5 1/2-1/2

[Event "Lichtenberger Sommer 2024"]
[Site "Berlin"]
[Date "2024.08.17"]
[Round "8.3"]
[White "Schulz, Michael"]
[Black "Das, Soham"]
[Result "0-1"]
[WhiteElo "2109"]
[BlackElo "2334"]
[PlyCount "82"]
[EventDate "2024.08.10"]
[WhiteTeam "SC Zitadelle Spandau 1977 e.V."]
[BlackTeam "SK Tarrasch 1945 München"]

1. e4 c5 2. Nf3 g6 3. Nc3 Bg7 4. d4 Qa5 5. dxc5 Bxc3+ 6. bxc3 Qxc3+ 7. Bd2 Qxc5
8. Rb1 Nf6 9. Bd3 d6 10. O-O Nbd7 11. Rb5 Qc7 12. Re1 a6 13. Rb4 e5 14. Bg5 h6
15. Rc4 Qd8 16. Bc1 b6 17. a4 Nc5 18. a5 b5 19. Rxc5 dxc5 20. Nxe5 O-O 21. Nc6
Qc7 22. e5 Qxc6 23. exf6 Qxf6 24. Bxh6 Rd8 25. Qc1 Bb7 26. Bg5 Qd4 27. Bxd8
Rxd8 28. Qg5 c4 29. Bf1 Kg7 30. c3 Qf6 31. Qg3 Rd5 32. Qc7 Rd2 33. f3 Bd5 34.
Qb6 Rc2 35. Rd1 Be6 36. Qxa6 Qxc3 37. Qxb5 Qe3+ 38. Kh1 c3 39. a6 Rb2 40. Qa5
c2 41. Re1 Rb1 0-1

[Event "Lichtenberger Sommer 2024"]
[Site "Berlin"]
[Date "2024.08.17"]
[Round "8.4"]
[White "Hoffmann, Kay"]
[Black "Tschernatsch, Johannes"]
[Result "0-1"]
[WhiteElo "2001"]
[BlackElo "2264"]
[PlyCount "118"]
[EventDate "2024.08.10"]
[WhiteTeam "Barnimer SF im SV Sta"]
[BlackTeam "SV Babelsberg 03 e.V."]

1. d4 Nf6 2. Nf3 g6 3. Bf4 Bg7 4. h3 O-O 5. e3 d6 6. Be2 Nc6 7. O-O e5 8. dxe5
Ne4 9. c3 dxe5 10. Bh2 Qe7 11. Qc2 f5 12. a4 Kh8 13. Na3 Nd6 14. Nc4 g5 15. b4
e4 16. Nd4 Nxd4 17. cxd4 f4 18. f3 exf3 19. Rxf3 Bf5 20. Qc3 Be4 21. Rff1 Nf5
22. Bg4 Bd5 23. Bxf5 Rxf5 24. Ne5 Rxe5 25. dxe5 Bxe5 26. Qa3 Bxa1 27. Qxa1+ Kg8
28. exf4 Qe3+ 29. Rf2 Bc4 30. f5 Rd8 31. Bxc7 Rd2 32. Bg3 Re2 33. Qf6 Bf7 34.
Kh2 Rxf2 35. Bxf2 Qxf2 36. Qd8+ Kg7 37. Qxg5+ Kf8 38. Qd8+ Be8 39. Qf6+ Kg8 40.
Qg5+ Kf7 41. Qh5+ Ke7 42. Qxh7+ Bf7 43. Qh6 Qd4 44. Qg5+ Kd7 45. b5 Qxa4 46.
Qd2+ Ke7 47. Qe3+ Kf6 48. g4 Qa2+ 49. Kg1 Qa1+ 50. Kh2 Qe5+ 51. Qxe5+ Kxe5 52.
Kg3 Bc4 53. h4 Bxb5 54. h5 Bc4 55. Kf3 a5 56. Ke3 b5 57. Kd2 Bg8 58. Kc3 b4+
59. Kb2 Kf6 0-1

[Event "Lichtenberger Sommer 2024"]
[Site "Berlin"]
[Date "2024.08.17"]
[Round "8.5"]
[White "Ross, Chris N"]
[Black "Fock, Madiha"]
[Result "1-0"]
[WhiteElo "2171"]
[BlackElo "1922"]
[PlyCount "119"]
[EventDate "2024.08.10"]
[WhiteTeam "Hillsborough Chess Club"]
[BlackTeam "TSG Oberschöneweide e.V."]

1. e4 c5 2. Nf3 d6 3. Bb5+ Bd7 4. Bxd7+ Qxd7 5. O-O Nf6 6. Re1 Nc6 7. c3 e6 8.
d4 cxd4 9. cxd4 d5 10. e5 Ne4 11. Nbd2 Nxd2 12. Bxd2 Be7 13. Re3 O-O 14. Qe2
Rfe8 15. Rd1 Rac8 16. h4 f6 17. exf6 Bxf6 18. Bc3 Qe7 19. g3 Nd8 20. Nh2 Nf7
21. Ng4 Rc6 22. Re1 g6 23. Qf3 Bg7 24. Qxd5 h5 25. Nh2 Nh6 26. Qe4 Nf5 27. d5
Bxc3 28. dxc6 Bxe1 29. Rxe1 bxc6 30. Qxc6 Nd4 31. Qe4 Qf6 32. Rd1 Nf5 33. Nf3
Qxb2 34. Qc6 Qb8 35. Kg2 Qc8 36. Qa4 Re7 37. Qa5 Rd7 38. Re1 Qc6 39. Qe5 Ng7
40. Re3 Qd5 41. Qb8+ Kf7 42. Kh2 Qxa2 43. Ne5+ Ke7 44. Nc6+ Kf7 45. Rf3+ Nf5
46. Ne5+ Ke7 47. Nxd7 Kxd7 48. Rd3+ Kc6 49. Qc8+ Kb6 50. Qd8+ Ka6 51. Rd2 Qc4
52. Qb8 Nd4 53. Qd6+ Nc6 54. Rb2 Qd5 55. Qa3+ Na5 56. Qb4 Nb7 57. Rd2 Qb5 58.
Qa3+ Qa5 59. Qd3+ Qb5 60. Qxg6 1-0

[Event "Lichtenberger Sommer 2024"]
[Site "Berlin"]
[Date "2024.08.17"]
[Round "8.6"]
[White "Bui, Bao Anh Le"]
[Black "Fartmann, Oliver"]
[Result "1-0"]
[WhiteElo "2177"]
[BlackElo "2093"]
[PlyCount "69"]
[EventDate "2024.08.10"]
[WhiteTeam "SV Mattnetz Berlin e.V."]
[BlackTeam "SV Mattnetz Berlin e.V."]

1. e4 c5 2. Nf3 e6 3. d4 cxd4 4. Nxd4 Nc6 5. Nc3 Qc7 6. Be3 a6 7. Qf3 Nf6 8.
O-O-O Ne5 9. Qg3 b5 10. Bxb5 axb5 11. Ndxb5 Qb8 12. Bf4 d6 13. Rxd6 Nh5 14. Qg5
Bxd6 15. Nxd6+ Qxd6 16. Bxe5 Ra5 17. f4 Nxf4 18. Bxf4 Rxg5 19. Bxd6 Rxg2 20. b4
Bb7 21. a4 f5 22. Kb2 fxe4 23. a5 e3 24. Re1 Kd7 25. Bg3 h5 26. Rxe3 h4 27. Be5
Rf8 28. b5 Rff2 29. Rd3+ Bd5 30. Nxd5 Rxc2+ 31. Kb3 exd5 32. a6 Ke6 33. a7 Kxe5
34. a8=Q Rb2+ 35. Ka4 1-0

[Event "Lichtenberger Sommer 2024"]
[Site "Berlin"]
[Date "2024.08.17"]
[Round "8.7"]
[White "Reichmann, Felix"]
[Black "Guenther, Thomas"]
[Result "1-0"]
[WhiteElo "2171"]
[BlackElo "1996"]
[PlyCount "45"]
[EventDate "2024.08.10"]
[WhiteTeam "SV Empor Berlin e.V."]
[BlackTeam "vereinslos"]

1. Nf3 Nf6 2. c4 e6 3. g3 b6 4. Bg2 Bb7 5. O-O Be7 6. Nc3 O-O 7. d4 Ne4 8. d5
Nxc3 9. bxc3 Na6 10. Nd4 Nc5 11. e4 e5 12. Nf5 Bf6 13. Qe2 d6 14. Bd2 g6 15.
Nh6+ Kh8 16. f4 exf4 17. Rxf4 Qe7 18. Raf1 Bg7 19. Rxf7 Qe8 20. Rxc7 Ba6 21.
Nf7+ Kg8 22. Bg5 Nb7 23. Bh3 1-0

[Event "Lichtenberger Sommer 2024"]
[Site "Berlin"]
[Date "2024.08.17"]
[Round "8.8"]
[White "Sieglen, Joachim"]
[Black "Kaushik, Siya"]
[Result "1-0"]
[WhiteElo "2113"]
[BlackElo "1608"]
[PlyCount "89"]
[EventDate "2024.08.10"]
[WhiteTeam "SC Untergrombach 46"]
[BlackTeam "vereinslos"]

1. d4 e6 2. c4 d5 3. Nc3 Nf6 4. Bg5 Be7 5. e3 Nbd7 6. Nf3 h6 7. Bh4 a6 8. cxd5
exd5 9. Bd3 O-O 10. Qc2 Re8 11. O-O c6 12. Rab1 Ne4 13. Bxe7 Qxe7 14. b4 Ndf6
15. h3 Nxc3 16. Qxc3 Ne4 17. Qc2 Qf6 18. Ne5 Qh4 19. Bxe4 dxe4 20. a4 Be6 21.
Qe2 Rad8 22. Rfc1 Qg5 23. Kh2 f6 24. Nc4 f5 25. g3 f4 26. gxf4 Qh4 27. Qf1 g5
28. Qg2 Kh7 29. Ne5 Bf5 30. Qg3 Qh5 31. Ng4 Bxg4 32. Qxg4 Qxg4 33. hxg4 gxf4
34. Rc5 fxe3 35. fxe3 Rd5 36. Rf1 Kg7 37. Rf5 Red8 38. Kg3 Rf8 39. Rxf8 Kxf8
40. Kf4 a5 41. Rxa5 b6 42. Rxd5 cxd5 43. a5 bxa5 44. bxa5 Ke7 45. a6 1-0

[Event "Lichtenberger Sommer 2024"]
[Site "Berlin"]
[Date "2024.08.17"]
[Round "8.9"]
[White "Hesse, Henrik"]
[Black "Verbitsky, Jaroslaw"]
[Result "0-1"]
[WhiteElo "2313"]
[BlackElo "2049"]
[PlyCount "146"]
[EventDate "2024.08.10"]
[WhiteTeam "SV Mattnetz Berlin e.V."]
[BlackTeam "SV Mattnetz Berlin e.V."]

1. b3 c5 2. Bb2 Nc6 3. Nf3 Nf6 4. e3 g6 5. Bxf6 exf6 6. c4 Bg7 7. Nc3 O-O 8.
Be2 Ne7 9. d4 cxd4 10. Nxd4 d5 11. O-O dxc4 12. Bxc4 Nf5 13. Rc1 Nxd4 14. exd4
a6 15. a4 f5 16. d5 Qd6 17. Qd2 b6 18. Na2 Bb7 19. Rfd1 Rfd8 20. Nb4 Rd7 21.
Nc2 Rad8 22. Qe2 Re7 23. Qf1 Bh6 24. Rb1 a5 25. Nd4 Qc5 26. Qd3 Red7 27. b4
axb4 28. Nb3 Qe7 29. Qf3 Qe4 30. Qxe4 fxe4 31. a5 Bxd5 32. Bxd5 Rxd5 33. Rxd5
Rxd5 34. a6 Rd7 35. Ra1 Ra7 36. Nd4 Bg7 37. Nb5 Ra8 38. Ra4 b3 39. a7 b2 40.
Rb4 Kf8 41. Kf1 f5 42. g4 Ke7 43. Ke2 Kd7 44. Ke3 Kc6 45. Rb3 Be5 46. gxf5 gxf5
47. Nd4+ Bxd4+ 48. Kxd4 Rxa7 49. Rxb2 Ra5 50. h4 Rd5+ 51. Ke3 b5 52. Kf4 Kc5
53. Rc2+ Kd4 54. Rc7 b4 55. Rxh7 Rb5 56. Rd7+ Kc3 57. h5 b3 58. h6 b2 59. h7
Rb8 60. Rd1 Kc2 61. Rg1 Rh8 62. Kxf5 Rxh7 63. Kxe4 Re7+ 64. Kf4 Rd7 65. f3 Rd1
66. Rg2+ Rd2 67. Rg1 Rd1 68. Rg2+ Kc1 69. Rxb2 Kxb2 70. Kf5 Kc3 71. f4 Kd4 72.
Ke6 Re1+ 73. Kd6 Rf1 0-1

[Event "Lichtenberger Sommer 2024"]
[Site "Berlin"]
[Date "2024.08.17"]
[Round "8.10"]
[White "Torosyan, Bagrat"]
[Black "Kutschke, Jens"]
[Result "1-0"]
[WhiteElo "2126"]
[BlackElo "1965"]
[PlyCount "55"]
[EventDate "2024.08.10"]
[WhiteTeam "TSG Oberschöneweide e.V."]
[BlackTeam "SF Berlin 1903 e.V."]

1. e4 c5 2. Nf3 Nc6 3. d4 cxd4 4. Nxd4 g6 5. Nc3 Bg7 6. Be3 Nf6 7. Bc4 O-O 8.
Bb3 a6 9. O-O d6 10. h3 Nxd4 11. Bxd4 b5 12. Re1 Bb7 13. a4 e5 14. Be3 Nxe4 15.
Nxe4 Bxe4 16. Bd5 Bxd5 17. Qxd5 bxa4 18. Rxa4 Qc7 19. c4 Rfc8 20. Rea1 Qc6 21.
Qxc6 Rxc6 22. b4 Rxc4 23. b5 Rxa4 24. Rxa4 a5 25. b6 Bf8 26. Rc4 a4 27. b7 Rb8
28. Rc8 1-0

[Event "Lichtenberger Sommer 2024"]
[Site "Berlin"]
[Date "2024.08.17"]
[Round "8.11"]
[White "Asatryan, Tigran"]
[Black "Niehaus, Frank"]
[Result "1-0"]
[WhiteElo "2036"]
[BlackElo "2120"]
[PlyCount "35"]
[EventDate "2024.08.10"]
[WhiteTeam "vereinslos"]
[BlackTeam "SK König Tegel 1949 e.V."]

1. e4 c5 2. Nf3 d6 3. d4 cxd4 4. Nxd4 Nf6 5. Nc3 g6 6. Be3 Bg7 7. Qd2 O-O 8. f3
Nc6 9. h4 h5 10. O-O-O Bd7 11. Be2 Rc8 12. Rdg1 Ne5 13. Bh6 Rxc3 14. Bxg7 Rxc2+
15. Nxc2 Kxg7 16. g4 Qb6 17. gxh5 Nxh5 18. f4 1-0

[Event "Lichtenberger Sommer 2024"]
[Site "Berlin"]
[Date "2024.08.17"]
[Round "8.12"]
[White "Hommel, Niclas"]
[Black "Herms Agullo, Jordi"]
[Result "1-0"]
[WhiteElo "2111"]
[BlackElo "2043"]
[PlyCount "75"]
[EventDate "2024.08.10"]
[WhiteTeam "TSG Oberschöneweide e.V."]
[BlackTeam "Granollers Chess Club"]

1. e4 c5 2. Nf3 Nc6 3. d4 cxd4 4. Nxd4 g6 5. c4 Bg7 6. Be3 Nf6 7. Nc3 Ng4 8.
Qxg4 Nxd4 9. Qd1 e5 10. Be2 O-O 11. O-O d6 12. Qd3 f5 13. Rfd1 Nxe2+ 14. Nxe2
Qh4 15. f3 Be6 16. b3 Rfd8 17. Nc3 Qe7 18. Nb5 fxe4 19. fxe4 b6 20. a4 Bf6 21.
Nc3 Qb7 22. Ra2 Rac8 23. Nd5 Bxd5 24. Qxd5+ Qxd5 25. Rxd5 Rb8 26. Kf2 Kf7 27.
Ke2 Ke6 28. Kd3 Rd7 29. Kc3 Rdb7 30. Rf2 Be7 31. Rf3 Bh4 32. Bd2 Be7 33. Be3
Bh4 34. Rd1 Rc8 35. Rdf1 Bd8 36. Rf8 a6 37. Bg5 Rd7 38. Re8+ 1-0

[Event "Lichtenberger Sommer 2024"]
[Site "Berlin"]
[Date "2024.08.17"]
[Round "8.13"]
[White "Schulz, Jannis"]
[Black "Matviienko, Mykhailo"]
[Result "1/2-1/2"]
[WhiteElo "1897"]
[BlackElo "2102"]
[PlyCount "95"]
[EventDate "2024.08.10"]
[WhiteTeam "Barnimer SF im SV Sta"]
[BlackTeam "SK Zehlendorf e.V."]

1. d4 Nf6 2. Nf3 g6 3. Bf4 Bg7 4. e3 O-O 5. h3 b6 6. Nbd2 Bb7 7. c3 d6 8. Bc4
Nbd7 9. O-O c5 10. Qe2 Qc7 11. e4 e5 12. Bh2 Rae8 13. dxe5 Nxe5 14. Nxe5 dxe5
15. Rad1 Nh5 16. Nb3 Nf4 17. Qf3 Kh8 18. Bxf4 exf4 19. Bd5 Bc8 20. Nc1 Be5 21.
b3 f6 22. Ne2 Re7 23. Kh2 h5 24. g3 fxg3+ 25. fxg3 g5 26. Qe3 Qd7 27. Rf5 Qe8
28. Rf2 h4 29. Kg2 hxg3 30. Nxg3 Rh7 31. Rh1 Kg7 32. Nf5+ Bxf5 33. exf5 Qh5 34.
Bf3 Qh4 35. Bg4 Rd8 36. Rd1 Qxg4+ 37. hxg4 Rh2+ 38. Kg1 Rxd1+ 39. Rf1 Rdd2 40.
Re1 Rdg2+ 41. Kf1 Rxa2 42. Qe4 Rhd2 43. Qb7+ Kh6 44. Qf7 Rf2+ 45. Kg1 Rg2+ 46.
Kh1 Rh2+ 47. Kg1 Rhg2+ 48. Kh1 1/2-1/2

[Event "Lichtenberger Sommer 2024"]
[Site "Berlin"]
[Date "2024.08.17"]
[Round "8.14"]
[White "Donath, Johann"]
[Black "Lange, Malina"]
[Result "1-0"]
[WhiteElo "2069"]
[BlackElo "1859"]
[PlyCount "65"]
[EventDate "2024.08.10"]
[WhiteTeam "BSV 63 Chemie Weißensee"]
[BlackTeam "SV Mattnetz Berlin e.V."]

1. d4 Nf6 2. c4 e6 3. Nc3 Bb4 4. f3 d5 5. a3 Bxc3+ 6. bxc3 c5 7. cxd5 Nxd5 8.
dxc5 O-O 9. e4 Ne7 10. Be3 Qa5 11. Qb3 Rd8 12. Bb5 Bd7 13. Rd1 Bxb5 14. Rxd8+
Qxd8 15. Qxb5 Qd7 16. a4 Nbc6 17. Ne2 Rd8 18. Kf2 Qc7 19. g3 e5 20. Rb1 Na5 21.
Rd1 Nec6 22. Rd6 a6 23. Qd3 Kf8 24. f4 Ke7 25. Qd5 f6 26. fxe5 Nxe5 27. Nd4
Ng4+ 28. Ke2 Nxe3 29. Kxe3 Rc8 30. Ne6 Qb8 31. Rd7+ Ke8 32. Nxg7+ Kf8 33. Qf7#
1-0

[Event "Lichtenberger Sommer 2024"]
[Site "Berlin"]
[Date "2024.08.17"]
[Round "8.15"]
[White "Schäfer, Heiko"]
[Black "Nötzel, Felix"]
[Result "1/2-1/2"]
[WhiteElo "1962"]
[BlackElo "2168"]
[PlyCount "150"]
[EventDate "2024.08.10"]
[WhiteTeam "Potsdamer SV Mitte e.V."]
[BlackTeam "SF Berlin 1903 e.V."]

1. d4 Nf6 2. c4 c5 3. Nf3 cxd4 4. Nxd4 Nc6 5. Nc3 g6 6. g3 Bg7 7. Bg2 O-O 8.
O-O Nxd4 9. Qxd4 d6 10. Qd3 a5 11. Rd1 Nd7 12. b3 Nc5 13. Qd2 Be6 14. Rb1 Qb6
15. Bb2 Rfc8 16. Na4 Qa6 17. Bxg7 Kxg7 18. Qd4+ Kg8 19. Nxc5 Rxc5 20. Rb2 Rac8
21. Rbd2 b5 22. cxb5 Qxb5 23. h4 Rc3 24. Bf3 Qc5 25. Kg2 Qxd4 26. Rxd4 Rc2 27.
R1d2 Kg7 28. Bd5 Rxd2 29. Rxd2 Bxd5+ 30. Rxd5 a4 31. Rd2 axb3 32. axb3 Kf6 33.
Kf3 Rc3+ 34. Rd3 Rc2 35. Ke3 Rb2 36. g4 h6 37. f4 Ke6 38. Kf3 f5 39. Re3+ Kf6
40. g5+ hxg5 41. hxg5+ Kf7 42. Rc3 Ke6 43. Re3+ Kd7 44. Rc3 Rb1 45. Kf2 e5 46.
Rh3 exf4 47. Rh7+ Ke6 48. Rg7 Rxb3 49. Rxg6+ Ke5 50. Rg8 Rg3 51. Re8+ Kd5 52.
Rg8 Ke6 53. Re8+ Kf7 54. Rd8 Ke7 55. Rg8 d5 56. g6 Kf6 57. Rd8 Kxg6 58. Rxd5
Ra3 59. Rd8 Kg5 60. Rg8+ Kf6 61. Rf8+ Ke6 62. Re8+ Kf7 63. Rd8 Re3 64. Rd6 Re6
65. Rxe6 Kxe6 66. Kf3 Ke5 67. e3 fxe3 68. Kxe3 f4+ 69. Kf3 Kf5 70. Kf2 Ke4 71.
Ke2 f3+ 72. Kf2 Kf4 73. Kf1 Ke3 74. Ke1 f2+ 75. Kf1 Kf3 1/2-1/2

[Event "Lichtenberger Sommer 2024"]
[Site "Berlin"]
[Date "2024.08.17"]
[Round "8.16"]
[White "Amelang, Thomas"]
[Black "Alten, Silvio"]
[Result "1/2-1/2"]
[WhiteElo "2106"]
[BlackElo "1948"]
[PlyCount "120"]
[EventDate "2024.08.10"]
[WhiteTeam "Münchener SC 1836 e.V."]
[BlackTeam "SV Mattnetz Berlin e.V."]

1. e4 c6 2. d4 d5 3. Nc3 dxe4 4. Nxe4 Nf6 5. Nxf6+ exf6 6. Be3 Bd6 7. Bd3 O-O
8. Qd2 Re8 9. Ne2 Nd7 10. O-O Nf8 11. Ng3 g6 12. Rfe1 Be6 13. Ne4 Be7 14. c3 a5
15. Nc5 Bc8 16. Bc4 b6 17. Nd3 Be6 18. Bxe6 Nxe6 19. Nf4 Bd6 20. Nxe6 Rxe6 21.
Red1 Bc7 22. Qd3 Qd6 23. g3 Qd5 24. Rd2 Rd8 25. c4 Qh5 26. Rad1 f5 27. Qe2 Qxe2
28. Rxe2 f4 29. gxf4 Bxf4 30. d5 Bxe3 31. Rxe3 Red6 32. Red3 cxd5 33. cxd5 Kg7
34. Kg2 Kf6 35. Kf3 Ke5 36. Re1+ Kf5 37. Red1 g5 38. Rd4 Rc8 39. R1d2 Rc5 40.
Ke3 Ke5 41. Re4+ Kf5 42. Red4 h5 43. h3 Rc1 44. Kf3 Re1 45. Rc4 f6 46. b4 axb4
47. Rxb4 Rc1 48. Rd3 Rg1 49. Rb5 g4+ 50. hxg4+ Rxg4 51. Rdb3 Ra4 52. a3 Ke5 53.
Kg3 Rd4 54. f3 Kf5 55. Rxb6 R6xd5 56. R3b4 Kg6 57. a4 Rg5+ 58. Kh3 Rd1 59. Kh2
Rdg1 60. Rf4 R5g2+ 1/2-1/2

[Event "Lichtenberger Sommer 2024"]
[Site "Berlin"]
[Date "2024.08.17"]
[Round "8.17"]
[White "Schmidt, Florian Pascal"]
[Black "Pixa, Richard"]
[Result "0-1"]
[WhiteElo "1959"]
[BlackElo "2099"]
[PlyCount "62"]
[EventDate "2024.08.10"]
[WhiteTeam "BSV 63 Chemie Weißensee"]
[BlackTeam "SV Mattnetz Berlin e.V."]

1. Nf3 d5 2. e3 Nf6 3. c4 c6 4. Nc3 Nbd7 5. b3 e5 6. cxd5 cxd5 7. Bb2 a6 8. d3
Bd6 9. Be2 O-O 10. O-O Re8 11. Re1 Nf8 12. h3 b5 13. Bf1 Ng6 14. a3 Qe7 15. b4
Bd7 16. d4 e4 17. Nd2 Bb8 18. g3 h5 19. Bg2 h4 20. Nxd5 Nxd5 21. Bxe4 Qd6 22.
Qf3 Nge7 23. Bxd5 Qxd5 24. e4 Qg5 25. Re3 hxg3 26. fxg3 Nf5 27. Rd3 Nxg3 28. e5
Ne4+ 29. Kh2 Nxd2 30. Qxa8 Bxe5+ 31. dxe5 Rxa8 0-1

[Event "Lichtenberger Sommer 2024"]
[Site "Berlin"]
[Date "2024.08.17"]
[Round "8.18"]
[White "Nguyen, Phuc Nhat"]
[Black "Vogel, Robert"]
[Result "1/2-1/2"]
[WhiteElo "1943"]
[BlackElo "2079"]
[PlyCount "26"]
[EventDate "2024.08.10"]
[WhiteTeam "TSG Oberschöneweide e.V."]
[BlackTeam "SK München Südost e.V."]

1. e4 g6 2. d4 Bg7 3. Nc3 d6 4. Be3 Nf6 5. Qd2 Nbd7 6. Nf3 c6 7. Bh6 Bxh6 8.
Qxh6 Qa5 9. O-O-O Qh5 10. Qxh5 Nxh5 11. g3 O-O 12. Be2 Nhf6 13. Nd2 Nb6 1/2-1/2

[Event "Lichtenberger Sommer 2024"]
[Site "Berlin"]
[Date "2024.08.17"]
[Round "8.19"]
[White "Beduschi, Ben"]
[Black "Rath, Alina"]
[Result "1-0"]
[WhiteElo "1941"]
[BlackElo "2020"]
[PlyCount "59"]
[EventDate "2024.08.10"]
[WhiteTeam "Barnimer SF im SV Sta"]
[BlackTeam "SK König Tegel 1949 e.V."]

1. d4 d5 2. Nf3 e6 3. Bf4 c5 4. e3 Nf6 5. c3 Bd6 6. Nbd2 O-O 7. Bg3 Qc7 8. dxc5
Qxc5 9. Bd3 Nbd7 10. e4 Bxg3 11. hxg3 dxe4 12. Nxe4 Nxe4 13. Bxe4 h6 14. Qd2 f5
15. Bc2 Nf6 16. Qd4 Qe7 17. O-O-O a5 18. Kb1 b5 19. Ne5 Qc7 20. g4 a4 21. g5
hxg5 22. Rh3 Ng4 23. Nxg4 fxg4 24. Rh5 Rf4 25. Qd3 Rf5 26. Qe4 Ra6 27. Qxg4
Rxf2 28. Rdh1 Rf6 29. Rh8+ Kf7 30. Qh5+ 1-0

[Event "Lichtenberger Sommer 2024"]
[Site "Berlin"]
[Date "2024.08.17"]
[Round "8.20"]
[White "Rosmait, Emily"]
[Black "Stark, Ingo"]
[Result "1-0"]
[WhiteElo "1939"]
[BlackElo "2020"]
[PlyCount "63"]
[EventDate "2024.08.10"]
[WhiteTeam "TuRa Harksheide von 1945 Norders"]
[BlackTeam "TSG Oberschöneweide e.V."]

1. e4 c5 2. Nf3 d6 3. Bb5+ Nd7 4. d4 Ngf6 5. Nc3 cxd4 6. Qxd4 a6 7. Bxd7+ Bxd7
8. Bg5 Bc6 9. O-O-O Qa5 10. Kb1 Qc5 11. Qxc5 dxc5 12. Nd5 Bxd5 13. exd5 Rd8 14.
c4 b5 15. b3 Ne4 16. Rc1 g6 17. Rhe1 f5 18. Bf4 Bg7 19. Be5 Bxe5 20. Nxe5 bxc4
21. bxc4 Nxf2 22. Nc6 Rd7 23. Kc2 Ne4 24. Rb1 O-O 25. Rb6 Re8 26. Rxa6 Rd6 27.
Nxe7+ Kf8 28. Nc6 Rd7 29. Ra5 Rc8 30. Ra6 Rb7 31. Re3 Re8 32. a4 1-0

[Event "Lichtenberger Sommer 2024"]
[Site "Berlin"]
[Date "2024.08.17"]
[Round "8.21"]
[White "Geldner, Gerrit"]
[Black "Pimenov, Danil"]
[Result "1-0"]
[WhiteElo "2009"]
[BlackElo "1891"]
[PlyCount "75"]
[EventDate "2024.08.10"]
[WhiteTeam "SC Kreuzberg e.V."]
[BlackTeam "SC Borussia Lichtenberg"]

1. c4 Nf6 2. Nc3 g6 3. g3 Bg7 4. Bg2 O-O 5. e4 d6 6. Nge2 Nc6 7. O-O e5 8. d3
Nd7 9. Be3 a6 10. f4 Nd4 11. f5 c6 12. Qd2 b5 13. b3 Rb8 14. Bh6 b4 15. Bxg7
bxc3 16. Qh6 Nxe2+ 17. Kh1 f6 18. fxg6 hxg6 19. Qxg6 Qe8 20. Qh6 Nd4 21. Qh8+
Kf7 22. Qh7 d5 23. Bh3 Ke7 24. Bxf8+ Kxf8 25. Bxd7 Qf7 26. Qh8+ Ke7 27. Bxc8
dxe4 28. dxe4 Qg6 29. Bf5 Nxf5 30. exf5 Qg4 31. Qh7+ Kd6 32. Rad1+ Kc5 33. Qa7+
Kb4 34. Qxb8+ Ka3 35. Qd6+ Kb2 36. Rb1+ Kxa2 37. Qxc6 Qe4+ 38. Qxe4 1-0

[Event "Lichtenberger Sommer 2024"]
[Site "Berlin"]
[Date "2024.08.17"]
[Round "8.22"]
[White "Schmidt, Jürgen"]
[Black "Krefenstein, Sergej"]
[Result "0-1"]
[WhiteElo "1915"]
[BlackElo "2004"]
[PlyCount "142"]
[EventDate "2024.08.10"]
[WhiteTeam "SC Kreuzberg e.V."]
[BlackTeam "TuS Makkabi Berlin e.V."]

1. e4 c6 2. d4 d5 3. exd5 cxd5 4. c4 Nf6 5. Nc3 g6 6. Nf3 Bg7 7. Be2 O-O 8. O-O
b6 9. cxd5 Bb7 10. Bc4 Nxd5 11. Nxd5 Bxd5 12. Qb3 Bxc4 13. Qxc4 Nd7 14. Bf4 Nf6
15. Be5 Qd7 16. Qb3 Rac8 17. Rac1 Qd5 18. Qa3 Qd7 19. h3 Bh6 20. Rxc8 Rxc8 21.
Bxf6 exf6 22. Re1 Bf8 23. Qb3 Kg7 24. Rd1 h5 25. a3 Qf5 26. d5 Rd8 27. Nd4 Qf4
28. g3 Qe4 29. Nc6 Rd7 30. Qd3 Qa4 31. Rd2 h4 32. gxh4 Qxh4 33. Qg3 Qe4 34. Qd3
Qe1+ 35. Kg2 Bc5 36. b4 Bd6 37. Qe3 Qc1 38. Rd3 Qc4 39. Qd4 Qc1 40. Rf3 Qg5+
41. Qg4 b5 42. Qxg5 fxg5 43. Rd3 a6 44. Kf3 Rc7 45. Ke4 Rc8 46. Kd4 Rh8 47. Kc3
Rh4 48. Kd2 Kf8 49. Ke2 Ke8 50. Kf1 Rf4 51. Kg2 Kd7 52. Na5 Be5 53. Nb3 Kd6 54.
Kf1 Bb2 55. Nc5 Bd4 56. Rd2 Kxd5 57. Nb3 Kc4 58. Na5+ Kc3 59. Re2 Rf3 60. Kg2
Rf6 61. f3 Kd3 62. Ra2 Bb6 63. Nb3 Kc3 64. Nd2 Rf5 65. Ne4+ Kb3 66. Rd2 Kxa3
67. Rd6 Bc7 68. Rxa6+ Kxb4 69. Ra7 Bf4 70. Ra1 Rd5 71. Ra2 f5 0-1

[Event "Lichtenberger Sommer 2024"]
[Site "Berlin"]
[Date "2024.08.17"]
[Round "8.23"]
[White "Witte, Ronald"]
[Black "Liu, Jonas"]
[Result "1-0"]
[WhiteElo "1972"]
[BlackElo "1870"]
[PlyCount "79"]
[EventDate "2024.08.10"]
[WhiteTeam "BSV 63 Chemie Weißensee"]
[BlackTeam "SV Königsjäger Süd-West e.V."]

1. Nf3 d5 2. g3 c5 3. c4 d4 4. d3 Nc6 5. Bg2 e5 6. O-O Nf6 7. a3 Bd6 8. e3 O-O
9. exd4 exd4 10. Bg5 h6 11. Bxf6 Qxf6 12. Nbd2 Bf5 13. Qc2 Qd8 14. Rfe1 Qd7 15.
Ne4 Rfe8 16. Nxd6 Qxd6 17. Rxe8+ Rxe8 18. Re1 Rxe1+ 19. Nxe1 Qe6 20. Qd2 b6 21.
Bd5 Qd6 22. Qe2 Qe5 23. Qd2 Ne7 24. Bg2 a5 25. Kf1 Bg4 26. h3 Bd7 27. Qe2 Qd6
28. Nf3 Ng6 29. Nd2 b5 30. Qe4 a4 31. f4 b4 32. Qa8+ Kh7 33. Qd5 Qxd5 34. cxd5
Ne7 35. Nc4 Nf5 36. Kf2 Kg8 37. g4 Ne7 38. Ne5 Bb5 39. d6 Nc8 40. d7 1-0